| 000 | 00639nam a2200277Ia 4500 | ||
|---|---|---|---|
| 001 | 11823 | ||
| 008 | 191123s9999 xx 000 0 und d | ||
| 041 | _aspa | ||
| 044 | _acl | ||
| 245 | 0 |
_aTeresa Cruz : _bdibujos. |
|
| 260 |
_aSantiago de Chile : _bGaleria de Arte Isabel Aninat, _c2005. |
||
| 300 |
_a36 p. _bilustrado |
||
| 500 | _aDonación del arquitecto Ramon Gutierrez. | ||
| 650 | _aCHILE | ||
| 650 | _aCRUZ, TERESA | ||
| 650 | _aDIBUJOS | ||
| 902 | _aM | ||
| 903 | _am | ||
| 904 | _am | ||
| 907 | _aimpreso | ||
| 911 | _ailustrado | ||
| 912 | _a2005 | ||
| 942 | _cLIBRO | ||
| 999 |
_c9497 _d9497 |
||
| 550 | _ailustrado | ||